5HLuxD.jpg

KING HENRY VIII SENIOR AND PRIMARY SCHOOL LIBRARY OPAC

THE HIGHLAND FALCON THIEF (Record no. 5455)

000 -LEADER
fixed length control field 00367nam a22001217a 4500
008 - FIXED-LENGTH DATA ELEMENTS--GENERAL INFORMATION
fixed length control field 250918b ||||| |||| 00| 0 eng d
020 ## - INTERNATIONAL STANDARD BOOK NUMBER
International Standard Book Number 9781529013061
082 ## - DEWEY DECIMAL CLASSIFICATION NUMBER
Classification number FIC LEO
100 ## - MAIN ENTRY--PERSONAL NAME
Personal name LEONARD,M.G.
Relator term AUTHOR
Language of a work ENGLISH
245 ## - TITLE STATEMENT
Title THE HIGHLAND FALCON THIEF
260 ## - PUBLICATION, DISTRIBUTION, ETC.
Place of publication, distribution, etc. THE SMITHSON,6 B riset STREET,LONDON EC1M 5NR
Name of publisher, distributor, etc. MACMILLAN PUBLISHERS LIMITED
Date of publication, distribution, etc. 2020
942 ## - ADDED ENTRY ELEMENTS (KOHA)
Source of classification or shelving scheme
Holdings
Withdrawn status Lost status Source of classification or shelving scheme Damaged status Not for loan Collection code Permanent Location Current Location Shelving location Date acquired Source of acquisition Total Checkouts Full call number Barcode Date last seen Date last checked out Price effective from Koha item type Public note
          Fiction KH8 Primary School Library KH8 Primary School Library Fiction 2025-09-18 SOF 1 FIC LEO KHPL000007150 2025-12-05 2025-10-13 2025-09-18 Books - Fiction PRIMARY LIBRARY

Powered By KH8 IT Dept